MARC

LEADER 00000nam0a2200000 4500
001 362329
005 20231102011459.0
035 |a (RuTPU)RU\TPU\retro\19675 
090 |a 362329 
100 |a 20210723d1980 k y0rusy50 ca 
101 0 |a rus 
102 |a RU 
105 |a a z 001zy 
200 1 |a Вопросы геологии и нефтегазоносности Нижнего Поволжья  |e сборник научных трудов  |f Академия наук СССР, Институт геологии и разработки горючих ископаемых 
210 |a Москва  |c [Б. и.]  |d 1980 
215 |a 106 с.  |c ил. 
320 |a Библиография в конце статей 
606 1 |a Геология  |2 stltpush  |3 (RuTPU)RU\TPU\subj\6095  |9 34054 
606 1 |a Нефтегазоносность  |2 stltpush  |3 (RuTPU)RU\TPU\subj\45590  |9 64783 
610 1 |a Нижнее Поволжье 
610 1 |a Волгоградская область 
610 1 |a поисково-разведочные работы 
610 1 |a нефтяная геология 
610 1 |a НИР 
610 1 |a научно-исследовательские работы 
610 1 |a экономическая эффективность 
610 1 |a обоснование 
610 1 |a глубокопогруженные комплексы 
610 1 |a нефть 
610 1 |a газ 
610 1 |a поиски 
610 1 |a экономические особенности 
610 1 |a палеозойские отложения 
610 1 |a структуры 
610 1 |a генетические типы 
610 1 |a космические фотоснимки 
610 1 |a дешифрование 
610 1 |a послойный литолого-тектонический анализ 
610 1 |a Западный Прикаспий 
610 1 |a рифогенные образования 
610 1 |a выявление 
675 |a 55  |v 4 
675 |a 553.98  |v 4 
712 0 2 |a Академия наук СССР  |b Институт геологии и разработки горючих ископаемых  |c (Москва)  |c (1958-????)  |2 stltpush  |3 (RuTPU)RU\TPU\col\13483  |9 25687 
801 1 |a RU  |b 63413507  |c 20210723 
942 |c BK